Economics of work and pay (Record no. 27310)

MARC details
000 -LEADER
fixed length control field 00332nam a2200133Ia 4500
082 ## - DEWEY DECIMAL CLASSIFICATION NUMBER
Classification number 331.101.26
Item number REE
100 ## - MAIN ENTRY--AUTHOR NAME
Personal name REES, Albert
245 #0 - TITLE STATEMENT
Title Economics of work and pay
260 ## - PUBLICATION, DISTRIBUTION, ETC. (IMPRINT)
Place of publication London
Name of publisher Harper
Year of publication 1973
650 ## - SUBJECT ADDED ENTRY--TOPICAL TERM
Topical Term Labour economics
650 ## - SUBJECT ADDED ENTRY--TOPICAL TERM
Topical Term Wage structure
942 ## - ADDED ENTRY ELEMENTS (KOHA)
Koha item type Books
Holdings
Withdrawn status Lost status Damaged status Not for loan Home library Current library Date acquired Full call number Accession Number Koha item type
        RRII Library RRII Library 16/12/2021 331.101.26 REE 07937 Books